WWE - Hulk Hogan's PPV Opponents - Statistics

General Stats
  • This quiz has been taken 734 times
  • The average score is 40 of 60
Answer Stats
Year Event Match Type Answer % Correct
1987 WrestleMania III Andre the Giant
95%
1987 Survivor Series 5 vs. 5 Elimination Match Andre the Giant
95%
1988 WrestleMania IV Andre the Giant
95%
1988 SummerSlam Tag Team Match Andre the Giant
95%
2002 WrestleMania X8 The Rock
95%
2003 No Way Out The Rock
95%
1989 WrestleMania V Randy Savage
92%
1989 SummerSlam Tag Team Match Randy Savage
92%
1991 Survivor Series The Undertaker
91%
1991 This Tuesday in Texas The Undertaker
91%
2002 Judgment Day The Undertaker
91%
1990 WrestleMania VI Title vs. Title Match The Ultimate Warrior
90%
1985 WrestleMania Tag Team Match Roddy Piper
89%
1985 The Wrestling Classic Roddy Piper
89%
2003 Judgment Day (as Mr. America) Roddy Piper
89%
1993 WrestleMania IX Impromptu Match Yokozuna
89%
1993 King of the Ring Yokozuna
89%
2005 SummerSlam Shawn Michaels
88%
2002 Backlash Triple H
85%
1986 WrestleMania II Steel Cage Match King Kong Bundy
84%
1987 Survivor Series 5 vs. 5 Elimination Match King Kong Bundy
84%
1988 SummerSlam Tag Team Match Ted DiBiase
81%
1988 Survivor Series 5 vs. 5 Elimination Match Ted DiBiase
81%
1989 Survivor Series 4 vs. 4 Elimination Match Ted DiBiase
81%
1990 Survivor Series 5 vs. 3 Elimination Match Ted DiBiase
81%
1993 WrestleMania IX Tag Team Match Ted DiBiase
81%
2006 SummerSlam Randy Orton
78%
1985 WrestleMania Tag Team Match Paul Orndorff
77%
2003 WrestleMania XIX Vince McMahon
77%
1991 WrestleMania VII Sgt. Slaughter
76%
1991 SummerSlam 3-on-2 Handicap Match Sgt. Slaughter
76%
1992 WrestleMania VIII Sid Justice
74%
2002 King of the Ring Kurt Angle
66%
1990 SummerSlam Earthquake
58%
1990 Survivor Series 4 vs. 4 Elimination Match Earthquake
58%
1993 WrestleMania IX Tag Team Match Irwin R. Schyster
58%
1989 SummerSlam Tag Team Match Zeus
54%
1989 Survivor Series 4 vs. 4 Elimination Match Zeus
54%
1987 Survivor Series 5 vs. 5 Elimination Match Rick Rude
53%
1991 SummerSlam 3-on-2 Handicap Match General Adnan
49%
1988 Survivor Series 5 vs. 5 Elimination Match Big Boss Man
48%
1991 SummerSlam 3-on-2 Handicap Match Col. Mustafa
47%
2002 Vengeance Tag Team Match Christian
44%
1988 Survivor Series 5 vs. 5 Elimination Match Haku
42%
1990 Survivor Series 4 vs. 4 Elimination Match Haku
42%
1990 Survivor Series 5 vs. 3 Elimination Match Hercules
41%
1988 Survivor Series 5 vs. 5 Elimination Match Akeem
40%
1990 Survivor Series 5 vs. 3 Elimination Match Rick Martel
39%
1989 Survivor Series 4 vs. 4 Elimination Match The Warlord
39%
1990 Survivor Series 5 vs. 3 Elimination Match The Warlord
39%
2005 Backlash Tag Team Match Muhammad Hassan
38%
1987 Survivor Series 5 vs. 5 Elimination Match One Man Gang
38%
1989 Survivor Series 4 vs. 4 Elimination Match The Barbarian
38%
1990 Survivor Series 4 vs. 4 Elimination Match The Barbarian
38%
2002 Vengeance Tag Team Match Lance Storm
37%
2005 Backlash Tag Team Match Daivari
34%
1990 Survivor Series 4 vs. 4 Elimination Match Dino Bravo
32%
1987 Survivor Series 5 vs. 5 Elimination Match Butch Reed
30%
1990 Survivor Series 5 vs. 3 Elimination Match Paul Roma
29%
1988 Survivor Series 5 vs. 5 Elimination Match The Red Rooster
24%
No matching quizzes found
Score Distribution
Percent of People with Each Score
Percentile by Number Answered
Your Score History
You have not taken this quiz